|
|
|
|
| LEADER |
01869nam a2200433 a 4500 |
| 001 |
EBC1181050 |
| 003 |
MiAaPQ |
| 005 |
20200520144314.0 |
| 006 |
m o d | |
| 007 |
cr cn||||||||| |
| 008 |
130515s2013 enka sb 001 0 eng d |
| 020 |
|
|
|z 9780415628792
|
| 020 |
|
|
|a 9780203100790 (electronic bk.)
|
| 035 |
|
|
|a (MiAaPQ)EBC1181050
|
| 035 |
|
|
|a (Au-PeEL)EBL1181050
|
| 035 |
|
|
|a (CaPaEBR)ebr10691768
|
| 035 |
|
|
|a (CaONFJC)MIL485237
|
| 035 |
|
|
|a (OCoLC)845254020
|
| 040 |
|
|
|a MiAaPQ
|c MiAaPQ
|d MiAaPQ
|
| 043 |
|
|
|a e-it---
|
| 050 |
|
4 |
|a HG3769.I85
|b .F56 2012
|
| 082 |
0 |
4 |
|a 332.10945
|2 23
|
| 245 |
0 |
0 |
|a Financial systems in troubled waters
|h [electronic resource]
|b information, strategies, and governance to enhance performances in risky times /
|c edited by Alessandro Carretta and Gianluca Mattarocci.
|
| 260 |
|
|
|a London ;
|a New York :
|b Routledge,
|c c2013.
|
| 300 |
|
|
|a 1 online resource (xix, 369 p.) :
|b ill., graphs.
|
| 490 |
1 |
|
|a Routledge International Studies in Money and Banking ;
|v 73
|
| 504 |
|
|
|a Includes bibliographical references at the end of each chapters and index.
|
| 533 |
|
|
|a Electronic reproduction. Ann Arbor, MI : ProQuest, 2015. Available via World Wide Web. Access may be limited to ProQuest affiliated libraries.
|
| 588 |
|
|
|a Description based on online resource; title from title page (ebrary, viewed May 14, 2013).
|
| 650 |
|
0 |
|a Banks and banking
|z Italy.
|
| 650 |
|
0 |
|a Financial institutions
|z Italy.
|
| 650 |
|
0 |
|a Business cycles
|z Italy.
|
| 650 |
|
0 |
|a Corporate culture
|z Italy.
|
| 655 |
|
4 |
|a Electronic books.
|
| 700 |
1 |
|
|a Mattarocci, G.
|q (Gianluca),
|d 1978-
|
| 700 |
1 |
|
|a Carretta, Alessandro.
|
| 710 |
2 |
|
|a ProQuest (Firm)
|
| 830 |
|
0 |
|a Routledge international studies in money and banking ;
|v 73.
|
| 856 |
4 |
0 |
|u https://ebookcentral.proquest.com/lib/matrademy/detail.action?docID=1181050
|z Click to View
|